| 000 | 00735nam a22002297a 4500 | ||
|---|---|---|---|
| 999 |
_c20379 _d20379 |
||
| 003 | AR-CdUCM | ||
| 008 | 190529b ||||| |||| 00| 0 spa d | ||
| 020 | _a84-02-07701-3 | ||
| 040 |
_aMUNICIPALIDAD PROVINCIAL DEL CUSCO _cBIBLIOTECA MUNICIPAL DEL CUSCO |
||
| 082 |
_a868.6 / _bCH13 |
||
| 100 |
_aChacel, Rosa _942616 |
||
| 245 | _aNovelas antes de tiempo / | ||
| 260 |
_aBarcelona : _bBruguera, _c1981. |
||
| 300 |
_a253 páginas ; _c20 cm. |
||
| 500 | _aLibro reempastado | ||
| 505 | _aContenido : El que tiene la llave -- La fundación de eudoxia -- Tertulia en el bar himeto... | ||
| 650 |
_aMargarita _942617 |
||
| 650 |
_aEl pastor _942618 |
||
| 650 |
_aParecera un día _942619 |
||
| 942 |
_2ddc _cLIBROS |
||
| 945 | _aandy | ||